000 00267nam a2200109Ia 4500
008 190907s9999||||xx |||||||||||||| ||und||
100 _aBalogun,Julia.
245 0 _aExploring Strategic Changes
260 _aUSA
_bDorling Kindersley
_c1999
300 _a248
942 _cBK
999 _c6259
_d6259